| 000 | 00868nam a2200241Ia 4500 | ||
|---|---|---|---|
| 003 | GCL | ||
| 005 | 20240530095449.0 | ||
| 008 | 140319s9999 xx 000 0 ara d | ||
| 020 | _a7754509953 | ||
| 040 |
_aGCL / _cGCL |
||
| 082 | 0 | 4 |
_a321.8962 _bق/ث م |
| 100 | 1 | _aثناء فؤاد عبدالله | |
| 245 | 1 | 0 |
_aمستقبل الديمقراطية فى مصر / _cثناء فؤاد عبدالله |
| 250 | _aالاولى | ||
| 260 |
_aبيروت : _bمركز دراسات الوحدة العربية ، _c2005 |
||
| 300 |
_a360ص ؛ _c24سم |
||
| 490 |
_aمشروع دراسات الديمقراطية فى البلدان العربية _v0 |
||
| 650 | 0 | 4 | _aالاستفتاء |
| 650 | 0 | 4 | _aمصر - الاحوال السياسية |
| 650 | 0 | 4 | _aمصر - السياسة والحكومة |
| 650 | 0 | 4 | _aالديمقراطية - مصر |
| 942 |
_2ddc _cBK |
||
| 999 |
_c7525 _d7525 |
||